Alapalooza - Statistics

General Stats
  • This quiz has been taken 5 times
  • The average score is 8 of 12
Answer Stats
Song % Correct
Frank's 2000" TV
100%
Jurassic Park
100%
Livin' in the Fridge
100%
Achy Breaky Song
67%
Bedrock Anthem
67%
Bohemian Polka
67%
Harvey the Wonder Hamster
67%
Talk Soup
67%
Traffic Jam
67%
She Never Told Me She Was a Mime
33%
Waffle King
33%
Young, Dumb & Ugly
0%
No matching quizzes found
Score Distribution
Percent of People with Each Score
Percentile by Number Answered
Your Score History
You have not taken this quiz